000 00608nam a22002057a 4500
005 20251108170105.0
008 250721s1991 xx 000 0 ara d
082 1 4 _aط/ق/آل
100 1 _aآلبوم، ينز
245 1 0 _aزياد فوق جبل النورس /
264 1 _aالسويد :
_bدار المنى،
_c1991.
300 _a30ص : مص
650 1 7 _aأدب الأطفال
650 1 7 _aالأدب المترجم
650 1 7 _aالروايات
700 1 _aهيننج، منى زريقات
_eترجمة
700 1 _aسيف، وليد
_eترجمة
942 _2ddc
_cBK
999 _c39513
_d39513